000 00432nam a2200169 i 4500
001 bg
100 1 _aADAMSKI, Franciszek
_d(1930- ).
245 1 0 _aModele małżeństwa i rodziny a kultura masowa /
_cFranciszek Adamski.
260 _aWarszawa,
_c1970.
650 9 _aMałżeństwo
650 9 _aRodzina
040 _cBPK
041 _apol
080 _a316(438):173
942 _cKS
008 s pl f |000 0 pol
999 _c21363
_d21363
856 _uhttp://koha.tu.koszalin.pl/cgi-bin/koha/opac-detail.pl?biblionumber=21363
_yKatalog online BPK